| 000 | 00438nam a2200181Ia 4500 | ||
|---|---|---|---|
| 001 | 15817 | ||
| 005 | 20260306170224.0 | ||
| 008 | 260306t2012||||xx |||||||||||||| ||und|| | ||
| 041 | _aESP | ||
| 082 |
_a620.11 _bC17 |
||
| 100 |
_aCallister, William D. _eAUT |
||
| 245 | 0 | _aIntroducción a la ciencia e ingenierÃa de los materiales | |
| 260 | _c2012 | ||
| 300 |
_a _c |
||
| 650 | _aGEN | ||
| 654 | _aCII | ||
| 942 |
_cLIB _dJUS _fJUS _2ddc _n |
||
| 999 |
_c15817 _d15817 |
||